Premier League TOTS Fc25 - Statistics

General Stats
  • This quiz has been taken 41 times
  • The average score is 17 of 22
Answer Stats
OVR Country Club Answer % Correct
96 Norway Man city Haaland
100%
97 Egypt Liverpool Salah
100%
97 Netherlands Liverpool Van Dijk
100%
96 Sweden Newcastle Isak
98%
96 England Arsenal Rice
98%
95 England Chelsea Palmer
95%
94 Portugal Man u Bruno Fernandes
93%
95 France Arsenal Saliba
93%
93 England Arsenal Saka
90%
94 Argentina Liverpool Mac allister
88%
95 Brazil Arsenal Gabriel
85%
95 Netherlands Liverpool Gravenberch
76%
94 England Liverpool Trent-Alexander-Arnold
76%
94 Brazil Wolves Matheus Cunha
71%
92 Japan Brighton Mitoma
71%
93 Australia Nottingham Forest Wood
71%
94 Hungary Bournmouth Kerkez
66%
94 Belgium Nottengham Forest Sels
59%
92 USA Fulham Robinson
56%
94 England Arsenal Lewis-Skelly
51%
92 Serbia Nottingham Forest Milenkovic
44%
91 England Everton Tarkowski
37%
No matching quizzes found
Score Distribution
Percent of People with Each Score
Percentile by Number Answered
Your Score History
You have not taken this quiz